00327nam a22001217a 4500999001700000082001500017100001100032245003000043260001100073300000900084942000700093952010500100 c65145d65142 a297.923GHU aGhulam aMuhammad the Holy prophet alahore a425p cBK 001040708REFaREFbREFd2019-07-08l0o297.923GHU (Shelf - 20D)pR10553r2019-07-08 00:00:00yBK